[Event "Championnat de Paris Open A"]
[Site "Paris"]
[Date "2012.07.11"]
[Round "5.27"]
[White "Yacob, Francois"]
[Black "Mezioud, Rimel"]
[Result "0-1"]
[WhiteElo "2145"]
[BlackElo "2034"]
[PlyCount "78"]
[EventDate "2012.??.??"]

1. e4 c5 2. Nf3 Nc6 3. d4 cxd4 4. Nxd4 Nf6 5. Nc3 e5 6. Ndb5 d6 7. Bg5 a6 8.
Na3 b5 9. Nd5 Be7 10. Bxf6 Bxf6 11. c3 g6 12. Nc2 Bg7 13. g3 O-O 14. Bg2 Ne7
15. Nce3 Rb8 16. O-O f5 17. f4 Kh8 18. Kh1 Bb7 19. Qd3 fxe4 20. Bxe4 Nxd5 21.
Bxd5 exf4 22. Rxf4 Rxf4 23. gxf4 Qd7 24. Rd1 Rf8 25. Qe4 Bc8 26. Bc6 Qc7 27.
Rf1 Bh3 28. Rf3 Bc8 29. Rf2 Qb6 30. Rd2 Qc5 31. Bd5 Bd7 32. Qf3 Re8 33. Be4 b4
34. c4 Bd4 35. Nd5 Qxc4 36. Rc2 Qxa2 37. Kg2 Qb1 38. Ne3 Bxe3 39. Qxe3 Qxc2+
0-1

[Event "Championnat de Paris Open A"]
[Site "Paris"]
[Date "2012.07.11"]
[Round "5.28"]
[White "Gautier, Serge"]
[Black "O'Brien, Cormac P"]
[Result "1/2-1/2"]
[WhiteElo "2134"]
[BlackElo "2013"]
[PlyCount "142"]
[EventDate "2012.??.??"]

1. e4 c5 2. Nf3 Nc6 3. d4 cxd4 4. Nxd4 Nf6 5. Nc3 e5 6. Ndb5 d6 7. Bg5 a6 8.
Na3 b5 9. Bxf6 gxf6 10. Nd5 f5 11. c3 Rg8 12. Bd3 f4 13. g3 Rb8 14. Qe2 Bh6 15.
Qh5 Rg6 16. Be2 Ne7 17. Qh4 Nxd5 18. Qxd8+ Kxd8 19. exd5 Bf5 20. Rd1 Rc8 21.
O-O Bh3 22. Rfe1 f5 23. Kh1 Rc7 24. Nc2 Rcg7 25. Bf3 e4 26. Bg2 Bg4 27. Rd4 a5
28. a4 Rb7 29. axb5 Rxb5 30. b4 Bg7 31. h3 Bxd4 32. Nxd4 Rxd5 33. hxg4 Rh6+ 34.
Kg1 f3 35. Nxf5 Rf6 36. Bh3 axb4 37. cxb4 Re6 38. g5 Ree5 39. b5 Kc7 40. Ne3
Rxb5 41. Bf5 d5 42. Bxh7 Rxg5 43. Nxd5+ Rbxd5 44. Bxe4 Rd2 45. Bxf3 Rc5 46. Re2
Rd4 47. Kg2 Kd6 48. g4 Re5 49. Kg3 Rd3 50. Kf4 Rxe2 51. Bxe2 Rd4+ 52. Ke3 Ke5
53. f3 Rf4 54. Bd3 Rf8 55. g5 Ke6 56. f4 Kf7 57. f5 Rh8 58. Bc4+ Kg7 59. Be6
Rh4 60. Kf3 Rb4 61. Kg3 Ra4 62. Bd5 Rd4 63. Bf3 Rc4 64. Bh5 Rb4 65. f6+ Kf8 66.
Bg6 Rb2 67. Be4 Rb4 68. Bg6 Rb2 69. Bh5 Rb4 70. Bg4 Kf7 71. Bf5 Rb6 1/2-1/2

[Event "Championnat de Paris Open A"]
[Site "Paris"]
[Date "2012.07.11"]
[Round "5.29"]
[White "Denous, Cyprien"]
[Black "Partac, Elena"]
[Result "1/2-1/2"]
[WhiteElo "2053"]
[BlackElo "2129"]
[PlyCount "26"]
[EventDate "2012.??.??"]

1. e4 c5 2. c3 Nf6 3. e5 Nd5 4. Nf3 e6 5. Bc4 d6 6. d4 cxd4 7. cxd4 Nc6 8. O-O
Be7 9. Re1 O-O 10. Nc3 Nxc3 11. bxc3 dxe5 12. Nxe5 Nxe5 13. Rxe5 Bf6 {=}
1/2-1/2

[Event "Championnat de Paris Open A"]
[Site "Paris"]
[Date "2012.07.11"]
[Round "5.30"]
[White "Anes, Emmanuel"]
[Black "Masset, Jacques"]
[Result "0-1"]
[WhiteElo "2125"]
[BlackElo "2031"]
[PlyCount "82"]
[EventDate "2012.??.??"]

1. d4 Nf6 2. Nc3 d5 3. Bg5 c5 4. e3 Nc6 5. dxc5 e6 6. Nf3 Bxc5 7. Bd3 a6 8. O-O
Qc7 9. e4 d4 10. Ne2 Bd7 11. c3 dxc3 12. Nxc3 Rd8 13. Qe2 Nd4 {=} 14. Nxd4 Bxd4
15. Rac1 Qa5 16. Bh4 g5 17. Bg3 e5 18. b4 Qxb4 19. Nd5 Nxd5 20. exd5 Bb5 21.
Rb1 Bxd3 22. Qxd3 Qe7 23. Rfe1 Rxd5 24. Qb3 Rd7 25. Rbd1 f6 26. Qc4 Kf8 27. Qc5
Kg7 28. Qc2 Rhd8 29. h4 h6 30. Kh1 Qf7 31. Qe2 b5 32. Qf3 Qxa2 33. Qf5 Qf7 34.
Rc1 Rc7 35. Rxc7 Qxc7 36. f3 Qd7 37. Qe4 b4 38. Kh2 b3 39. Rb1 b2 40. Be1 f5
41. Qc2 Rc8 0-1

[Event "Championnat de Paris Open A"]
[Site "Paris"]
[Date "2012.07.11"]
[Round "5.31"]
[White "Bucaille, Guy"]
[Black "Dicko, Henri"]
[Result "0-1"]
[WhiteElo "2046"]
[BlackElo "2121"]
[PlyCount "68"]
[EventDate "2012.??.??"]

1. d4 f5 2. g3 Nf6 3. Bg2 g6 4. c4 Bg7 5. Nf3 O-O 6. O-O d6 7. Nc3 Qe8 8. d5 a5
9. Rb1 Na6 10. b3 h6 11. Nd4 Nc5 12. Ncb5 Qd8 13. a3 e5 14. dxe6 c6 15. Nc3
Nxe6 16. Nxe6 Bxe6 17. Bb2 Ng4 18. Na4 Ne5 19. c5 d5 20. Bd4 f4 21. Qd2 g5 22.
Qc3 Qc7 23. Rbd1 g4 24. gxf4 Rxf4 25. Kh1 Raf8 26. Qg3 Qf7 27. e3 Rf5 28. Nc3
h5 29. e4 Rf4 30. Be3 Rf3 31. Bxf3 Nxf3 32. exd5 cxd5 33. Ne2 Be5 34. Qg2 Nh4
0-1

[Event "Championnat de Paris Open A"]
[Site "Paris"]
[Date "2012.07.11"]
[Round "5.32"]
[White "Imbert, Christophe"]
[Black "Gidel, Jean-Louis"]
[Result "1/2-1/2"]
[WhiteElo "2033"]
[BlackElo "2101"]
[PlyCount "32"]
[EventDate "2012.??.??"]

1. e4 c6 2. d4 d5 3. Nc3 dxe4 4. Nxe4 Bf5 5. Ng3 Bg6 6. Nf3 Nd7 7. Bf4 e6 8.
Bd3 Ngf6 9. Bxg6 hxg6 10. Qe2 Be7 11. O-O-O a5 12. Kb1 a4 13. Ne5 Nd5 14. Bd2
Nxe5 15. dxe5 Qb6 16. Ne4 Qa6 1/2-1/2

[Event "Championnat de Paris Open A"]
[Site "Paris"]
[Date "2012.07.11"]
[Round "5.33"]
[White "Dagonia, Steve"]
[Black "Ralle, Pierre"]
[Result "1-0"]
[WhiteElo "1906"]
[BlackElo "2100"]
[PlyCount "117"]
[EventDate "2012.??.??"]

1. Nf3 Nf6 2. c4 e6 3. Nc3 d5 4. d4 Bb4 5. Bg5 O-O 6. e3 h6 7. Bh4 Nbd7 8. cxd5
exd5 9. Bd3 c5 10. O-O Bxc3 11. bxc3 c4 12. Bf5 Nb6 13. Qc2 Bxf5 14. Qxf5 Qd7
15. Qxd7 Nbxd7 16. Nd2 g5 17. Bg3 Rfe8 18. a4 Re6 19. Rfb1 b6 20. a5 bxa5 21.
Rxa5 Rb6 22. Rxb6 Nxb6 23. f3 Kf8 24. Bc7 Nfd7 25. e4 dxe4 26. fxe4 f6 27. g4
a6 28. e5 fxe5 29. dxe5 Kf7 30. Nf3 Ra7 31. Bd6 Nf8 32. Nd4 Nc8 33. Bxf8 Kxf8
34. Nf5 Ne7 35. Nxh6 Ng6 36. Nf5 Nf4 37. Nd4 Nd3 38. e6 Nf4 39. Kf1 Rb7 40.
Rxa6 Rb1+ 41. Kf2 Nd3+ 42. Ke2 Nf4+ 43. Kf3 Rc1 44. Nf5 Rxc3+ 45. Ke4 Nxe6 46.
Rxe6 Rc2 47. Kd4 Rxh2 48. Kxc4 Kf7 49. Re4 Ra2 50. Ne3 Ra4+ 51. Kd3 Ra3+ 52.
Kd4 Ra4+ 53. Nc4 Kf6 54. Kd5 Ra6 55. Re5 Ra1 56. Rf5+ Kg6 57. Ne5+ Kh6 58. Rf6+
Kh7 59. Ke6 1-0

[Event "Championnat de Paris Open A"]
[Site "Paris"]
[Date "2012.07.11"]
[Round "5.34"]
[White "Bilquez, Romain"]
[Black "Grigorian, Roudolph"]
[Result "1-0"]
[WhiteElo "2092"]
[BlackElo "1944"]
[PlyCount "57"]
[EventDate "2012.??.??"]

1. e4 e5 2. Nf3 Nc6 3. d4 exd4 4. Bc4 Bc5 5. O-O Nf6 6. e5 d5 7. exf6 dxc4 8.
Re1+ Be6 9. Ng5 g6 10. Qg4 Qd5 11. Nxe6 fxe6 12. Nd2 Bb4 13. Rxe6+ Kf7 14. Nf3
h6 15. Re4 Qf5 16. Nxd4 Qxg4 17. Rxg4 Ne5 18. Re4 Rae8 19. Bf4 Bd6 20. Rae1 Nd7
21. Bxd6 Rxe4 22. Rxe4 cxd6 23. Re7+ Kxf6 24. Rxd7 Ke5 25. Nf3+ Kd5 26. Rxb7
Re8 27. Kf1 c3 28. b3 Ra8 29. Rc7 1-0

[Event "Championnat de Paris Open A"]
[Site "Paris"]
[Date "2012.07.11"]
[Round "5.35"]
[White "Vasilescu, Victor"]
[Black "Gailliegue, Florian"]
[Result "1/2-1/2"]
[WhiteElo "2077"]
[BlackElo "1984"]
[PlyCount "84"]
[EventDate "2012.??.??"]

1. e4 d6 2. d4 Nf6 3. Nc3 c6 4. a4 Qa5 5. Bd3 e5 6. Nge2 Be7 7. O-O O-O 8. Bd2
Qc7 9. b4 b6 10. Qb1 Re8 11. f3 Nbd7 12. d5 Bb7 13. dxc6 Qxc6 14. Nd5 Nxd5 15.
exd5 Qxd5 16. c4 Qc6 17. Bxh7+ Kh8 18. Be4 Qc7 19. Bxb7 Qxb7 20. Qf5 Kg8 21.
Qd3 Nf6 22. Nc3 d5 23. Nxd5 Nxd5 24. Qxd5 Qxd5 25. cxd5 Rad8 26. Rfd1 Rxd5 27.
Bc3 Red8 28. Rxd5 Rxd5 29. Re1 Bd6 30. Re4 a6 31. Rc4 Rd1+ 32. Kf2 Rc1 33. Rc8+
Kh7 34. Rd8 Rc2+ 35. Kf1 Bc7 36. Rd3 b5 37. axb5 axb5 38. Bd2 f5 39. Ke2 e4 40.
fxe4 fxe4 41. Rc3 Rxc3 42. Bxc3 Bb6 {=} 1/2-1/2

[Event "Championnat de Paris Open A"]
[Site "Paris"]
[Date "2012.07.11"]
[Round "5.36"]
[White "Murchadha, Oissine"]
[Black "Marek, Yves"]
[Result "1/2-1/2"]
[WhiteElo "1857"]
[BlackElo "2070"]
[PlyCount "120"]
[EventDate "2012.??.??"]

1. e4 e5 2. Nf3 Nc6 3. Bb5 Nf6 4. O-O Nxe4 5. d4 Nd6 6. Bxc6 dxc6 7. dxe5 Nf5
8. Qxd8+ Kxd8 9. Nc3 h6 10. b3 Be6 11. Ne2 c5 12. Nf4 g5 13. Nxe6+ fxe6 14. Bb2
Bg7 15. h3 Ke8 16. Rad1 Rd8 17. Rfe1 {=} 17... Kf7 18. g3 Ne7 19. Kf1 Nc6 20.
Rxd8 Rxd8 21. a3 Rd5 22. Re4 Kg6 23. Ke2 Kf5 24. Ra4 a5 25. g4+ Kg6 26. Re4 Rd8
27. h4 Ne7 28. Bc1 Nd5 29. Bd2 gxh4 30. Nxh4+ Kh7 31. f4 b6 32. f5 exf5 33.
gxf5 Re8 34. c4 Nf6 35. Re3 Ng4 36. f6 Nxe3 37. Bxe3 Rxe5 38. fxg7 Kxg7 39. Kf3
h5 40. Bd2 Re8 41. a4 Kf6 42. Ng2 Ke7 43. Nf4 Rf8 44. Ke4 {=} 44... Kd7 45.
Nxh5 Rf2 46. Kd3 c6 47. Nf4 Kc8 48. Ne2 Kb7 49. Nc3 Rh2 50. Kc2 Rh3 51. Kb2 Kc7
52. Bf4+ Kb7 53. Bd2 Kc8 54. Bf4 Kd7 55. Kc2 Rf3 56. Bd2 Rh3 57. Bf4 Kc8 58.
Bd2 Rf3 59. Ne2 Kb7 60. Nc3 Rh3 1/2-1/2

[Event "Championnat de Paris Open A"]
[Site "Paris"]
[Date "2012.07.11"]
[Round "5.37"]
[White "Rakem, Zine-Eddine"]
[Black "Baudon, Sebastien"]
[Result "1-0"]
[WhiteElo "2139"]
[BlackElo "1993"]
[PlyCount "91"]
[EventDate "2012.??.??"]

1. e4 c5 2. d3 g6 3. Nf3 Bg7 4. g3 Nc6 5. Bg2 e6 6. O-O Nge7 7. c3 d5 8. Qe2
O-O 9. Re1 h6 10. e5 Nf5 11. h4 b6 12. Bf4 Ba6 13. Nbd2 Rc8 14. Nf1 c4 15. d4
b5 16. a3 Rb8 17. Bh3 Nfe7 18. Ne3 Kh7 19. Kg2 Ng8 20. Rh1 Bc8 21. Qc2 Kh8 22.
Ng4 Rb7 23. Qd2 Kh7 24. h5 gxh5 25. Ne3 f5 26. Qe2 Bd7 27. Nh4 Be8 28. Kg1 Nge7
29. Bg2 Ng6 30. Nxg6 Bxg6 31. Bf3 Ne7 32. Ng2 a5 33. Bd2 Nc6 34. Nf4 Bf7 35.
Kg2 Rh8 36. Rh2 Qe8 37. Bxh5 Bxh5 38. Nxh5 Qg6 39. Rah1 Kg8 40. Nxg7 Rxg7 41.
Rxh6 Rxh6 42. Rxh6 Qf7 43. Rf6 Qe8 44. Bh6 Rh7 45. Qd2 Qe7 46. Qg5+ 1-0

[Event "Championnat de Paris Open A"]
[Site "Paris"]
[Date "2012.07.11"]
[Round "5.38"]
[White "Vallepin, Cedric"]
[Black "Sauvetre, Alain"]
[Result "1-0"]
[WhiteElo "2125"]
[BlackElo "1976"]
[PlyCount "101"]
[EventDate "2012.??.??"]

1. e4 e6 2. d4 d5 3. Nc3 dxe4 4. Nxe4 Nf6 5. Nxf6+ Qxf6 6. Nf3 h6 7. Bd3 Bd6 8.
O-O Nc6 9. c3 O-O 10. Nd2 Qh4 11. g3 Qh3 12. f4 f5 13. Be2 g5 14. Ne4 g4 15.
Nf2 Qh5 16. h3 Qg6 17. hxg4 fxg4 18. Bd3 Qg7 19. Qxg4 Ne7 20. Qxg7+ Kxg7 21.
Ne4 Bd7 22. b3 Rg8 23. c4 Nf5 24. Bb2 Kf7 25. Kf2 Bc6 26. d5 exd5 27. cxd5 Bxd5
28. Rac1 Ne7 29. Nf6 Rgd8 30. Rfd1 c6 31. Nxd5 cxd5 32. Rh1 Ng8 33. Bd4 a6 34.
Rh5 Be7 35. Rc7 Rab8 36. Ba7 Rbc8 37. Rf5+ Ke6 38. Re5+ Kd6 39. Rxb7 Rc3 40.
Bf5 Kc6 41. Rb6+ Kc7 42. Rxa6 Rc6 43. Rxc6+ Kxc6 44. Bd4 Bd6 45. Re6 Kb5 46.
Bc3 Ba3 47. Ke2 Kc5 48. Kd3 Kb5 49. Bg6 Ne7 50. Bh5 Nc6 51. Be8 1-0

[Event "Championnat de Paris Open A"]
[Site "Paris"]
[Date "2012.07.11"]
[Round "5.39"]
[White "Jacquet, Stephane"]
[Black "Herve, Pierre"]
[Result "0-1"]
[WhiteElo "1976"]
[BlackElo "2109"]
[PlyCount "54"]
[EventDate "2012.??.??"]

1. d4 Nf6 2. c4 d6 3. Nc3 g6 4. e4 Bg7 5. f3 Nc6 6. Be3 e5 7. d5 Ne7 8. Qd2 Nh5
9. O-O-O f5 10. g3 a5 11. Nge2 a4 12. a3 O-O 13. h4 fxe4 14. fxe4 Bg4 15. Bg5
Qd7 16. Rg1 Nc8 17. Bg2 Nb6 18. Qd3 Rf7 19. Rdf1 Raf8 20. Be3 Bh3 21. Bxh3 Qxh3
22. Rxf7 Rxf7 23. Kc2 Rf3 24. Nd1 Bh6 25. Nf2 Qd7 26. Nd1 Nf6 27. Rg2 Ng4 0-1

[Event "Championnat de Paris Open A"]
[Site "Paris"]
[Date "2012.07.11"]
[Round "5.41"]
[White "Leuly, Max"]
[Black "Dumas, Charles"]
[Result "1/2-1/2"]
[WhiteElo "2100"]
[BlackElo "1967"]
[PlyCount "64"]
[EventDate "2012.??.??"]

1. d4 Nf6 2. Nf3 e6 3. c4 Bb4+ 4. Bd2 Qe7 5. g3 Nc6 6. Bg2 Bxd2+ 7. Nbxd2 d6 8.
O-O O-O 9. e4 e5 10. d5 Nb8 11. Ne1 a5 12. Nd3 Na6 13. b3 Nd7 14. a3 Ndc5 15.
Qc2 f5 16. Nxc5 Nxc5 17. b4 Na6 18. Qc3 f4 19. Nb3 a4 20. Nd2 b6 21. Rab1 Qg5
22. c5 bxc5 23. b5 Nb8 24. b6 cxb6 25. Rxb6 Qe7 26. Nc4 fxg3 27. fxg3 Rd8 28.
Rfb1 Na6 29. Na5 Re8 30. Nc4 Rd8 31. Na5 Re8 32. Nc4 Rd8 1/2-1/2

[Event "Championnat de Paris Open A"]
[Site "Paris"]
[Date "2012.07.11"]
[Round "5.42"]
[White "Kramo, Sosthene"]
[Black "Levesque, Thomas"]
[Result "0-1"]
[WhiteElo "1943"]
[BlackElo "2086"]
[PlyCount "76"]
[EventDate "2012.??.??"]

1. e4 e6 2. d4 d5 3. Nc3 Nf6 4. Bg5 Be7 5. e5 Nfd7 6. Bxe7 Qxe7 7. f4 g6 8. Nf3
a6 9. Qd2 c5 10. O-O-O c4 11. h4 h5 12. Be2 b5 13. Ng5 Nb6 14. g4 b4 15. Nce4
dxe4 16. Nxe4 Bb7 17. Nd6+ Kd8 18. Nxb7+ Qxb7 19. Qxb4 Nc6 20. Qd6+ Qd7 21. Qc5
Nd5 22. Bxc4 hxg4 23. Bb3 Rc8 24. Bxd5 exd5 25. Kb1 Rb8 26. c4 Nb4 27. Qa5+ Ke8
28. e6 fxe6 29. a3 Nc6 30. Qe1 Kf7 31. Qe2 dxc4 32. Qxg4 Qd5 33. Kc1 c3 34. Rh2
Rxb2 35. Rxb2 cxb2+ 36. Kxb2 Rb8+ 37. Ka1 Qb3 38. Qe2 Qxa3+ 0-1

[Event "Championnat de Paris Open A"]
[Site "Paris"]
[Date "2012.07.11"]
[Round "5.43"]
[White "Raimbault, Pierre"]
[Black "Martin, Axel"]
[Result "0-1"]
[WhiteElo "1944"]
[BlackElo "2066"]
[PlyCount "82"]
[EventDate "2012.??.??"]

1. d4 Nf6 2. c4 e6 3. Nc3 Bb4 4. f3 c5 5. d5 d6 6. e4 O-O 7. Nge2 b5 8. a3 Ba5
9. b4 cxb4 10. Nxb5 bxa3+ 11. Bd2 a6 12. Bxa5 Qxa5+ 13. Nbc3 Qb4 14. Qd4 e5 15.
Qd3 Nbd7 16. Rb1 Nc5 17. Qc2 Qxc4 18. Nc1 Qd4 19. Nb3 Nxb3 20. Rxb3 Bd7 21. Qf2
Rab8 22. Rxa3 Qb4 23. Qa2 Rfc8 24. Qa1 Qd4 25. Bxa6 Rc5 26. Ne2 Qb4+ 27. Kf2
Qb6 28. Kf1 Qb1+ 29. Kf2 Qb6 30. Kf1 Bb5 31. g4 Rc2 32. Bxb5 Qxb5 33. Qe1 Rbc8
34. Kf2 Qc5+ 35. Re3 Ra8 36. Qb1 h5 37. g5 Ra3 38. Qxc2 Qxe3+ 39. Kf1 Qxf3+ 40.
Kg1 Ra1+ 41. Nc1 Ng4 0-1

[Event "Championnat de Paris Open A"]
[Site "Paris"]
[Date "2012.07.11"]
[Round "5.44"]
[White "Stoeri, Laura"]
[Black "Jego, Eric"]
[Result "1-0"]
[WhiteElo "2066"]
[BlackElo "1951"]
[PlyCount "73"]
[EventDate "2012.??.??"]

1. e4 e6 2. d4 d5 3. Nd2 c5 4. exd5 Qxd5 5. Ngf3 cxd4 6. Bc4 Qd6 7. O-O Nf6 8.
Nb3 Nc6 9. Nbxd4 Nxd4 10. Nxd4 a6 11. Bb3 Be7 12. c3 O-O 13. Qf3 Ra7 14. Be3 b6
15. Nc6 Bb7 16. Nxe7+ Qxe7 17. Qh3 Nd5 18. Bxd5 Bxd5 19. Bxb6 Rb7 20. Qe3 Rfb8
21. Bc5 Qc7 22. b4 Qc6 23. Qg3 f6 24. Rfd1 Qa4 25. Qg4 Qc2 26. Rac1 Qxa2 27. c4
f5 28. Qf4 e5 29. Qh4 Bc6 30. Rd8+ Kf7 31. Qh5+ Ke6 32. Rd6+ Ke7 33. Rxc6+ Kd7
34. Rd1+ Kxc6 35. Rd6+ Kc7 36. Qf7+ Kc8 37. Qe8+ 1-0

[Event "Championnat de Paris Open A"]
[Site "Paris"]
[Date "2012.07.11"]
[Round "5.45"]
[White "Vignier, Pascal"]
[Black "Swerdlin, Ryan"]
[Result "0-1"]
[WhiteElo "2056"]
[BlackElo "1943"]
[PlyCount "46"]
[EventDate "2012.??.??"]

1. e4 c6 2. d4 d5 3. Nc3 dxe4 4. Nxe4 Nf6 5. Nxf6+ gxf6 6. Be3 Bf5 7. Bd3 Bxd3
8. Qxd3 e6 9. Ne2 Qc7 10. Bf4 Bd6 11. Qg3 Bxf4 12. Nxf4 Nd7 13. Ne2 Qa5+ 14.
Nc3 O-O-O 15. O-O-O Rdg8 16. Qd6 Qf5 17. d5 exd5 18. g3 Qxf2 19. Rhe1 Re8 20.
Re7 Rxe7 21. Qxe7 Qxh2 22. Ne4 Qh6+ 23. Kb1 Qf8 0-1

[Event "Championnat de Paris Open A"]
[Site "Paris"]
[Date "2012.07.11"]
[Round "5.46"]
[White "Maillot, Gregory"]
[Black "Ainutdinov, Alexander"]
[Result "0-1"]
[WhiteElo "1912"]
[BlackElo "2054"]
[PlyCount "34"]
[EventDate "2012.??.??"]

1. e4 e5 2. Nf3 Nc6 3. Bb5 a6 4. Ba4 Nf6 5. O-O Be7 6. Re1 b5 7. Bb3 O-O 8. h3
Bb7 9. c3 d5 10. exd5 Nxd5 11. Nxe5 Nxe5 12. Rxe5 Nf4 13. f3 Nd3 14. Re2 Bc5+
15. Kh1 Qh4 16. Bc2 Bxf3 17. gxf3 Qxh3+ 0-1

[Event "Championnat de Paris Open A"]
[Site "Paris"]
[Date "2012.07.11"]
[Round "5.47"]
[White "Poelstra, Ben"]
[Black "Inouss, Badr"]
[Result "1-0"]
[WhiteElo "2041"]
[BlackElo "1942"]
[PlyCount "104"]
[EventDate "2012.??.??"]

1. e4 c5 2. Nf3 d6 3. d4 cxd4 4. Nxd4 Nf6 5. Nc3 g6 6. Be3 Bg7 7. f3 O-O 8. Qd2
Nc6 9. Bc4 Bd7 10. O-O-O Qa5 11. Nb3 Qc7 12. Nb5 Qb8 13. g4 Ne5 14. Qe2 Nxe4
15. fxe4 Bxg4 16. Qf1 Bxd1 17. Kxd1 Nxc4 18. Qxc4 Bxb2 19. Bd4 Bxd4 20. N5xd4
e5 21. Ne2 b5 22. Qd5 b4 23. Rf1 Qc7 24. Rf3 a5 25. Nbc1 Ra6 26. c3 Rc8 27.
cxb4 axb4 28. Ke1 Ra5 29. Qd2 Qc4 30. Qd3 Ra3 31. Qxc4 Rxc4 32. Rf6 Ra6 33. Rf3
Rxe4 34. Kd2 f5 35. Rd3 Kf7 36. Kc2 Ke6 37. Kb2 h5 38. Ng1 Rc4 39. Rg3 Kf6 40.
Nf3 Rac6 41. Rg1 Rc2+ 42. Kb1 Rf2 43. Ne1 Rxh2 44. Ncd3 Rc4 45. Nf3 Rh3 46.
Nfe1 g5 47. Nf2 Rh2 48. Nd1 Re2 49. Nb2 Rg4 50. Rf1 h4 51. Nbd3 Rd4 52. Nc1
Rxe1 1-0

[Event "Championnat de Paris Open A"]
[Site "Paris"]
[Date "2012.07.11"]
[Round "5.48"]
[White "Comes, Didier"]
[Black "Lam-Roques, Kalvin"]
[Result "0-1"]
[WhiteElo "1864"]
[BlackElo "2039"]
[PlyCount "104"]
[EventDate "2012.??.??"]

1. e4 c5 2. Nf3 d6 3. d4 cxd4 4. Nxd4 Nf6 5. Nc3 g6 6. Be3 Bg7 7. f3 O-O 8. Qd2
Nc6 9. Bc4 Bd7 10. O-O-O Qa5 11. Nb3 Qc7 12. Nb5 Qb8 13. g4 Ne5 14. Qe2 Nxe4
15. fxe4 Bxg4 16. Qf1 Bxd1 17. Kxd1 Nxc4 18. Qxc4 Bxb2 19. Bd4 Bxd4 20. N5xd4
e5 21. Ne2 b5 22. Qd5 b4 23. Rf1 Qc7 24. Rf3 a5 25. Nbc1 Ra6 26. c3 Rc8 27.
cxb4 axb4 28. Ke1 Ra5 29. Qd2 Qc4 30. Qd3 Ra3 31. Qxc4 Rxc4 32. Rf6 Ra6 33. Rf3
Rxe4 34. Kd2 f5 35. Rd3 Kf7 36. Kc2 Ke6 37. Kb2 h5 38. Ng1 Rc4 39. Rg3 Kf6 40.
Nf3 Rac6 41. Rg1 Rc2+ 42. Kb1 Rf2 43. Ne1 Rxh2 44. Ncd3 Rc4 45. Nf3 Rh3 46.
Nfe1 g5 47. Nf2 Rh2 48. Nd1 Re2 49. Nb2 Rg4 50. Rf1 h4 51. Nbd3 Rd4 52. Nc1 Rd1
0-1

[Event "Championnat de Paris Open A"]
[Site "Paris"]
[Date "2012.07.11"]
[Round "5.49"]
[White "Ecalle, Aurelien"]
[Black "Gutmann, Alois"]
[Result "0-1"]
[WhiteElo "1856"]
[BlackElo "2038"]
[PlyCount "80"]
[EventDate "2012.??.??"]

1. d4 e6 2. c4 b6 3. Nc3 Bb4 4. Qc2 Bb7 5. a3 Bxc3+ 6. Qxc3 f5 7. Qg3 Kf8 8.
Bg5 Nf6 9. e3 d6 10. Bd3 h6 11. Bxf6 Qxf6 12. f3 Nd7 13. Ne2 e5 14. O-O-O g6
15. h4 Rh7 16. h5 g5 17. Qh3 Rf7 18. Ng3 f4 19. Ne4 Qe7 20. exf4 Rxf4 21. Ng3
Rd8 22. Nf5 Qf6 23. Rhf1 exd4 24. g3 Rxf3 25. Rxf3 Bxf3 26. Rf1 g4 27. Qh2 Nc5
28. Qc2 Re8 29. Nh4 Re6 30. Ng6+ Kg7 31. Nf4 Qg5 32. Bf5 Re2 33. Qd1 Qxf5 34.
Qxd4+ Re5 35. Qc3 Ne4 36. Qe1 Nc5 37. Qc3 Qe4 38. Kd2 b5 39. b4 Na4 40. Qb3
Qd4+ 0-1

[Event "Championnat de Paris Open A"]
[Site "Paris"]
[Date "2012.07.11"]
[Round "5.50"]
[White "Trommsdorf, Fro"]
[Black "Nielsen, Morten"]
[Result "1/2-1/2"]
[WhiteElo "2037"]
[BlackElo "1937"]
[PlyCount "140"]
[EventDate "2012.??.??"]

1. Nf3 Nf6 2. d4 c5 3. c3 d5 4. g3 b6 5. Bg2 Bb7 6. Nbd2 Nbd7 7. O-O Qc7 8. b3
e6 9. Bb2 Bd6 10. c4 O-O 11. Rc1 Rac8 12. Re1 Qb8 13. cxd5 exd5 14. Bh3 Rcd8
15. Qc2 h6 16. Nh4 cxd4 17. Bxd4 Be5 18. Ndf3 Bxd4 19. Nxd4 Rc8 20. Qb2 Qe5 21.
Nhf3 Qe4 22. Nf5 Rxc1 23. Rxc1 Ba6 24. N3d4 Nc5 25. Rc3 Qe8 26. Re3 Qa8 27. Nc6
Nce4 28. Bg2 Kh7 29. Nb4 Bc8 30. Nd4 Bb7 31. f3 Nd6 32. Nd3 Re8 33. Qd2 Rxe3
34. Qxe3 Qe8 35. Ne5 Nd7 36. Qd3+ g6 37. Ng4 f5 38. Nf2 Nc5 39. Qd2 Qe5 40. e3
Qe7 41. Bf1 Ne6 42. Nxe6 Qxe6 43. Qd4 Nf7 44. Nd3 Qe7 45. b4 Ng5 46. Kf2 Qg7
47. b5 Qxd4 48. exd4 Ne6 49. Ke3 Kg7 50. Nb4 Kf6 51. Bd3 Ke7 52. Bc2 Kd6 53. h4
Ng7 54. Nd3 g5 55. Ne5 Ke6 56. hxg5 hxg5 57. g4 fxg4 58. fxg4 a6 59. a4 axb5
60. axb5 Ne8 61. Bf5+ Ke7 62. Bd7 Nf6 63. Bf5 Ne8 64. Nf3 Kf6 65. Bd7 Nd6 66.
Ne5 Bc8 67. Bxc8 Nxc8 68. Kd3 Nd6 69. Nd7+ Ke6 70. Nxb6 Nxb5 1/2-1/2

[Event "Championnat de Paris Open A"]
[Site "Paris"]
[Date "2012.07.11"]
[Round "5.51"]
[White "Ainutdinova, Yekaterina"]
[Black "Hauseux, Philippe"]
[Result "1-0"]
[WhiteElo "2036"]
[BlackElo "1923"]
[PlyCount "69"]
[EventDate "2012.??.??"]

1. e4 e5 2. Nf3 Nc6 3. Bb5 Nf6 4. d3 d6 5. c3 Be7 6. h3 O-O 7. O-O Bd7 8. Re1
a6 9. Ba4 Ng4 10. hxg4 Bxg4 11. Nbd2 f5 12. Bb3+ Kh8 13. exf5 d5 14. Nf1 Bc5
15. N1h2 Bxf5 16. d4 e4 17. dxc5 exf3 18. Qxd5 Qf6 19. Qxf3 Ne5 20. Qg3 Nd3 21.
Rd1 Nxc5 22. Qg5 Qc6 23. Be3 Ne4 24. Bd5 Qe8 25. Bxe4 Bxe4 26. Bd4 Rf7 27. Re1
Qc6 28. f3 Bg6 29. Ng4 Rf5 30. Qe7 Rf7 31. Qe6 Qb5 32. a4 Qxb2 33. Ne5 Rf6 34.
Nxg6+ Rxg6 35. Qe8+ 1-0

[Event "Championnat de Paris Open A"]
[Site "Paris"]
[Date "2012.07.11"]
[Round "5.52"]
[White "Durand, Victor"]
[Black "Ledoux, Alain"]
[Result "1/2-1/2"]
[WhiteElo "2035"]
[BlackElo "1910"]
[PlyCount "78"]
[EventDate "2012.??.??"]

1. e4 c5 2. Nf3 d6 3. d4 cxd4 4. Nxd4 Nf6 5. Nc3 a6 6. Be3 e6 7. f3 b5 8. Qd2
Qa5 9. g4 Bb7 10. Bd3 Nc6 11. a4 b4 12. Nce2 d5 13. Nxc6 Bxc6 14. Nd4 Bb7 15.
e5 Nd7 16. f4 Bc5 17. Rf1 Qc7 18. Nf3 Rc8 19. Bxc5 Qxc5 20. f5 Qe7 21. fxe6
fxe6 22. Qe3 Nc5 23. Ng5 Nxd3+ 24. cxd3 h6 25. Nf7 Qh4+ 26. Qf2 Qxf2+ 27. Rxf2
O-O 28. Nd6 Rxf2 29. Kxf2 Rc2+ 30. Ke3 Bc6 31. b3 Rc3 32. Rb1 Bd7 33. Kd2 Bc6
34. Ke3 Kh7 35. h4 Kg8 36. Rb2 Rc1 37. Kd4 Rc3 38. Rb1 Kh7 39. Ke3 Kg8 1/2-1/2

[Event "Championnat de Paris Open A"]
[Site "Paris"]
[Date "2012.07.11"]
[Round "5.53"]
[White "Derieux, Christian"]
[Black "De Balmann, Marc"]
[Result "1-0"]
[WhiteElo "2027"]
[BlackElo "1908"]
[PlyCount "59"]
[EventDate "2012.??.??"]

1. d4 Nf6 2. c4 g6 3. Nc3 Bg7 4. e4 d6 5. Nge2 O-O 6. Ng3 c5 7. d5 e6 8. Bd3
exd5 9. cxd5 Re8 10. O-O Na6 11. h3 Nc7 12. Bg5 h6 13. Be3 Rb8 14. a4 a6 15.
Qd2 Kh7 16. Rab1 b5 17. axb5 axb5 18. b4 c4 19. Bc2 Qd7 20. Bd4 Ra8 21. f4 Bb7
22. Bxf6 Bxf6 23. e5 dxe5 24. Nge4 Qd8 25. fxe5 Bxe5 26. Rxf7+ Bg7 27. Rxg7+
Kxg7 28. Qd4+ Kf7 29. Rf1+ Ke7 30. Qg7# 1-0

[Event "Championnat de Paris Open A"]
[Site "Paris"]
[Date "2012.07.11"]
[Round "5.54"]
[White "O'Sullivan, Thomas"]
[Black "Treppendahl, Trine"]
[Result "0-1"]
[WhiteElo "1843"]
[BlackElo "2027"]
[PlyCount "52"]
[EventDate "2012.??.??"]

1. d4 d5 2. c4 c6 3. Nc3 Nf6 4. e3 e6 5. Nf3 Bb4 6. Bd2 Nbd7 7. b3 O-O 8. Bd3
Re8 9. O-O e5 10. dxe5 Nxe5 11. Nxe5 Rxe5 12. Nxd5 Nxd5 13. Bxb4 Be6 14. Bd2
Qh4 15. cxd5 Rxd5 16. Bc4 Rh5 17. h3 Bxh3 18. gxh3 Qxh3 19. Qxh5 Qxh5 20. f3 {=
} 20... b5 21. Be2 Rd8 22. Rad1 Qg5+ 23. Kf2 Qh4+ 24. Kg1 Qg3+ 25. Kh1 Rd5 26.
f4 Rd6 0-1